000 00711na a2200265 4500
001 19357
003 MIRAKIL
005 20181213155202.0
008 161214b tu 000 0
020 _a9750037847
035 _a19357
040 _aMilas
_btur
_cTR-AnCHP
041 _atur
082 _a324.2
_bE45p 2006
090 _a324.2 E45p 2006
100 _aEkinci, M. Salih
245 _aPartisiz yönetim
_cM. Salih Ekinci
260 _aDiyarbakır
_bDiclem Sahaf Kitabevi
_c2006
300 _a104 s.
_c20 sm.
500 _aYapıt yazarından imzalıdır.
650 _aSiyaset ve yönetim
650 _aSiyasal partiler
_zTürkiye
650 _aSiyasal bilimler
_xYönetim
942 _2ddc
_cBKS
999 _c8165
_d8165